Seikatsu yūsen no genri : fukushi shakai e no jōken /
Saved in:
| Main Author: | |
|---|---|
| Format: | Book |
| Language: | Japanese |
| Published: |
Tōkyō :
Kōdansha,
Shōwa 48 [1973]
|
| Series: | Kōdansha gendai shinsho ;
309 |
| Subjects: | |
| Tags: |
Add Tag
No Tags, Be the first to tag this record!
|
| LEADER | 01030nam a2200289 i 4500 | ||
|---|---|---|---|
| 001 | 007767732-3 | ||
| 005 | 20024617122053.0 | ||
| 008 | 980417s1973 ja 000 0 jpn | ||
| 010 | |a 73805633 /J | ||
| 015 | |a Ja73-6478 | ||
| 035 | 0 | |a ocm38966757 | |
| 040 | |a DLC |c *YNH* |d CStRLIN | ||
| 050 | 0 | 0 | |a HD7057 |b .M37 |
| 100 | 1 | |6 880-01 |a Matsubara, Haruo, |d 1930- | |
| 245 | 1 | 0 | |6 880-02 |a Seikatsu yūsen no genri : |b fukushi shakai e no jōken / |c Matsubara Haruo cho. |
| 260 | |6 880-03 |a Tōkyō : |b Kōdansha, |c Shōwa 48 [1973] | ||
| 300 | |a 205 p. ; |c 18 cm. | ||
| 490 | 0 | |6 880-04 |a Kōdansha gendai shinsho ; |v 309 | |
| 650 | 0 | |a Cost and standard of living |z Japan. | |
| 650 | 0 | |a Community development |z Japan. | |
| 651 | 0 | |a Japan |x Economic policy |y 1945- | |
| 880 | 1 | |6 100-01 |a 松原治郎, |d 1930- | |
| 880 | 1 | 0 | |6 245-02 |a 生活者優先の原理 : |b 福祉社会への条件 / |c 松原治郎著. |
| 880 | |6 260-03 |a 東京 : |b 講談社, |c 昭和48 [1973] | ||
| 880 | 0 | |6 490-04 |a 講談社現代新書 ; |v 309 | |
| 988 | |a 20021221 | ||
| 906 | |0 DLC | ||


